000 00643nam a22002417a 4500
003 UA-OsUOA
001 60985
007 ta
008 20090615b un ||||| |||| 00| 0 ukr d
090 _a32
_bД46
942 _cMG
040 _aUA-OsUOA
_brus
_cUA-OsUOA
_dUA-OsUOA
245 _aДипломат
_cГлав. ред. Тавровский Ю.
300 _a72 с.
955 _a1
041 _arus
080 _a32
260 _aМ.
246 3 1 _aЖурнал для иностранцев о русских, для русских об иностранцах
_n
044 _aRU
962 _a1994
650 7 _a32 Політика
_2UDC
999 _c347199
_d347199